Name Any Album by the Artist - Statistics

General Stats
  • This quiz has been taken 54 times
    51 since last reset
  • The average score is 12 of 20
Answer Stats
Hint Answer % Correct
Kanye West The College Dropout | Late Registration | Graduation | 808s and Heartbreak | My Beautiful Dark Twisted Fantasy | Yeezus | The Life of Pablo | Ye | Jesus is King | Donda
96%
Michael Jackson Got to Be There | Ben | Music & Me | Forever, Michael | Off the Wall | Thriller | Bad | Dangerous | Invincible | Michael
91%
Kendrick Lamar Section 80 | good kid, m.A.A.d city | To Pimp A Butterfly | DAMN | Mr Morale and the Big Steppers | GNX
91%
Tyler, the Creator Bastard | Goblin | Wolf | Cherry Bomb | Flower Boy | IGOR | Call Me If You Get Lost | Chromakopia
87%
Frank Ocean Nostalgia, Ultra | Channel ORANGE | Blonde | Endless
78%
Drake Thank Me Later | Take Care | Nothing Was the Same | Views | Scorpion | Certified Lover Boy | Honestly, Nevermind | For All The Dogs
69%
Mac Miller KIDS | Blue Slide Park | Watching Movies With the Sound Off | Faces | GOOD:AM | The Divine Feminine | Swimming | Circles
67%
The Weeknd House of Balloons | Echoes of Silence | Thursday | Kiss Land | Beauty Behind the Madness | Starboy | After Hours | Dawn FM
64%
Playboi Carti Playboi Carti | Die Lit | Whole Lotta Red
64%
MF DOOM Operation:Doomsday | Take Me To Your Leader | Vaudeville Villain | Madvillainy | mm...FOOD | Venemous Villain | Born Like This | The Mouse and the Mask
62%
Lana Del Rey Born to Die | Ultraviolence | Honeymoon | Lust for Life | Norman F*cking Rockwell!| Chemtrails Over the Country Club | Blue Banisters | Did you know that there's a tunnel under Ocean Blvd
60%
Beyonce Dangerously in Love | B'Day | I AM SASHA FIERCE | 4 | BEYONCE | Lemonade | RENAISSANCE | COWBOY CARTER
60%
Future Pluto | Honest | DS2 | EVOL | FUTURE | HNDRXX | The Wizard | High off Life | I NEVER LIKED YOU | We Don't Trust You
60%
A$AP Rocky LIVE.LOVE.A$AP | LONG.LIVE.A$AP | AT.LONG.LAST.A$AP | TESTING
58%
The Notorius BIG Ready to Die | Life After Death
56%
JID The Never Story | Dicaprio 2 | The Forever Story
56%
Bruno Mars Doo Wops & Hooligans | Unorthodox Jukebox | 24k Magic
42%
The Strokes Is This It | Room on Fire | First Impressions of Earth | Comedown Machine | Angles | The New Abnormal
29%
Lady Gaga The Fame | The Fame Monster | Born this Way | Artpop | Joanne | Chromatica | Harlequin
29%
Jimi Hendrix Are You Experienced | Axis: Bold As Love | Electric Ladyland
20%
No matching quizzes found
Score Distribution
Percent of People with Each Score
Percentile by Number Answered
Your Score History
You have not taken this quiz since the last reset